Guardians of the galaxy all-new X-Men. (Record no. 246)

MARC details
000 -LEADER
fixed length control field 00574nam a2200181 a 4500
005 - DATE AND TIME OF LATEST TRANSACTION
control field 20260322212012.0
008 - FIXED-LENGTH DATA ELEMENTS--GENERAL INFORMATION
fixed length control field data
020 ## - INTERNATIONAL STANDARD BOOK NUMBER
International Standard Book Number 9780785168300
099 ## - LOCAL FREE-TEXT CALL NUMBER (OCLC)
Classification number BENDIB
001 - CONTROL NUMBER
control field data
100 1# - MAIN ENTRY--PERSONAL NAME
Personal name Bendis, Brian Michael
245 10 - TITLE STATEMENT
Title Guardians of the galaxy all-new X-Men.
Remainder of title The trial of Jean Grey /
Statement of responsibility, etc. Brian Michael Bendis, Sara Pichelli & Stuart Immonen.
260 ## - PUBLICATION, DISTRIBUTION, ETC.
Place of publication, distribution, etc. New York, NY :
Name of publisher, distributor, etc. Marvel Worldwide, Inc.,
Date of publication, distribution, etc. 2014.
300 ## - PHYSICAL DESCRIPTION
Extent 1 volume (unpaged) : chiefly color illustrations ;
Other physical details 26 cm.
650 #0 - SUBJECT ADDED ENTRY--TOPICAL TERM
Topical term or geographic name entry element Science fiction
700 1# - ADDED ENTRY--PERSONAL NAME
Personal name Pichelli, Sara
700 1# - ADDED ENTRY--PERSONAL NAME
Personal name Immonen, Stuart
Holdings
Withdrawn status Lost status Damaged status Not for loan Home library Current library Shelving location Date acquired Total checkouts Full call number Barcode Date last seen Price effective from Koha item type
        Centerville Centerville General stacks 22/03/2026   GEN BC0010254 22/03/2026 22/03/2026 Books